Statistics : (Record no. 1286)

MARC details
000 -LEADER
fixed length control field 01085cam a22002655i 4500
003 - CONTROL NUMBER IDENTIFIER
control field EG-ScBUE
005 - DATE AND TIME OF LATEST TRANSACTION
control field 20250326101620.0
008 - FIXED-LENGTH DATA ELEMENTS--GENERAL INFORMATION
fixed length control field 150819s2005 ii a f 001 0 eng d
020 ## - INTERNATIONAL STANDARD BOOK NUMBER
International Standard Book Number 8121904315
020 ## - INTERNATIONAL STANDARD BOOK NUMBER
International Standard Book Number 9788121904315
040 ## - CATALOGING SOURCE
Original cataloging agency EG-ScBUE
Language of cataloging eng
Description conventions rda
Transcribing agency EG-ScBUE
Modifying agency EG-ScBUE
082 04 - DEWEY DECIMAL CLASSIFICATION NUMBER
Classification number 519.5
Item number PIL
Edition number 22
100 1# - MAIN ENTRY--PERSONAL NAME
Personal name Pillai, R. S. N.,
Relator term author.
245 10 - TITLE STATEMENT
Title Statistics :
Remainder of title theory and practice for B.Com., M.Com., B.A., M.A. (Ecos.), C.A., I.C.W.A. and other courses /
Statement of responsibility, etc R. S. N. Pillai, M.A., M.Com., LL.B., prof. and H.O.D. of commerce, Arignar Anna College, Aramboly, Kanyakumari, V. Bagavathi, M.A., M.Com.
264 #1 - PUBLICATION, DISTRIBUTION, ETC. (IMPRINT)
Place of publication, distribution, etc Ram Nagar, New Delhi :
Name of publisher, distributor, etc S. Chand & Company Ltd.,
Date of publication, distribution, etc 2005.
300 ## - PHYSICAL DESCRIPTION
Extent ix, 868 pages :
Other physical details illustrations ;
Dimensions 24 cm
336 ## - CONTENT TYPE
Source rdacontent
Content type term text
Content type code txt
337 ## - MEDIA TYPE
Media type term unmediated
Source rdamedia
Media type code n
338 ## - CARRIER TYPE
Carrier type term volume
Carrier type code nc
Source rdacarrier
521 ## - TARGET AUDIENCE NOTE
Target audience note For B.Com., M.Com., B.A., M.A. (Ecos.), C.A., I.C.W.A. and other courses.
650 #7 - SUBJECT ADDED ENTRY--TOPICAL TERM
Topical term or geographic name as entry element Mathematical statistics.
Source of heading or term BUEsh
655 ## - INDEX TERM--GENRE/FORM
Form subdivision Reading book
700 1# - ADDED ENTRY--PERSONAL NAME
Personal name Bagavathi, V.,
Relator term author.
942 ## - ADDED ENTRY ELEMENTS (KOHA)
Koha item type Book - Borrowing
Source of classification or shelving scheme Dewey Decimal Classification
Holdings
Withdrawn status Lost status Source of classification or shelving scheme Damaged status Not for loan Collection code Home library Current library Shelving location Date acquired Source of acquisition Total Checkouts Full call number Barcode Date last seen Koha item type
    Dewey Decimal Classification     Baccah Central Library Central Library First floor 31/08/2006 Purchase   519.5 PIL 000003188 15/07/2025 Book - Borrowing